000 00407nam a22001697a 4500
999 _c11644
_d11644
003 OSt
008 230102b ||||| |||| 00| 0 eng d
020 _a9788120343443
082 _a658.31245 MCT
100 _aMCGRATH,EH
245 _aTraining for Life and Leadership in Industry
250 _aEd. 4th
260 _aNew Delhi
_bPHI
_c2015
300 _a432
650 _aGeneral Book
942 _2ddc
_cREF